<?xml version="1.0" encoding="UTF-8"?>
<record
    xmlns:xsi="http://www.w3.org/2001/XMLSchema-instance"
    xsi:schemaLocation="http://www.loc.gov/MARC21/slim http://www.loc.gov/standards/marcxml/schema/MARC21slim.xsd"
    xmlns="http://www.loc.gov/MARC21/slim">

  <leader>00857nam a22002177a 4500</leader>
  <controlfield tag="005">20150513150325.0</controlfield>
  <controlfield tag="008">140714b        xxu||||| |||| 00| 0 Urdu d</controlfield>
  <datafield tag="010" ind1=" " ind2=" ">
    <subfield code="a">UR-8898</subfield>
  </datafield>
  <datafield tag="020" ind1=" " ind2=" ">
    <subfield code="c">100.00</subfield>
  </datafield>
  <datafield tag="035" ind1=" " ind2=" ">
    <subfield code="a">U-7453</subfield>
  </datafield>
  <datafield tag="037" ind1=" " ind2=" ">
    <subfield code="b">BPPD/Pub/Ven</subfield>
  </datafield>
  <datafield tag="040" ind1=" " ind2=" ">
    <subfield code="a">DPL</subfield>
    <subfield code="b">Urdu</subfield>
  </datafield>
  <datafield tag="082" ind1=" " ind2=" ">
    <subfield code="a">840.08</subfield>
  </datafield>
  <datafield tag="100" ind1=" " ind2=" ">
    <subfield code="a">&#x645;&#x648; &#x644;&#x641;:&#x645;&#x62D;&#x645;&#x62F; &#x634;&#x631; &#x641; &#x627;&#x644;&#x62F; &#x64A;&#x646; &#x633;&#x627; &#x62D;&#x644;</subfield>
  </datafield>
  <datafield tag="245" ind1=" " ind2=" ">
    <subfield code="a">&#x63A;&#x645;&#x6AF;&#x64A;&#x646; &#x646;&#x627; &#x6AF;&#x67E;&#x648; &#x631; &#x6CC;:&#x641;&#x627; &#x631; &#x633;&#x6CC; &#x6A9;&#x627; &#x627;&#x64A;&#x6A9; &#x6AF;&#x645;&#x646;&#x627; &#x645; &#x634;&#x627; &#x639;&#x631;&#x627; &#x648; &#x631; &#x627; &#x646;&#x634;&#x627; &#x67E;&#x631; &#x62F; &#x627; &#x632;</subfield>
    <subfield code="c">&#x645;&#x648; &#x644;&#x641;:&#x645;&#x62D;&#x645;&#x62F; &#x634;&#x631; &#x641; &#x627;&#x644;&#x62F; &#x64A;&#x646; &#x633;&#x627; &#x62D;&#x644;</subfield>
  </datafield>
  <datafield tag="246" ind1=" " ind2=" ">
    <subfield code="a">&#x200F;Ghamgeen Nagpuri:Farsi ka ek gumname shaeraur inshapardaz</subfield>
    <subfield code="b">Dr. M.Sharfuddin Sahil</subfield>
  </datafield>
  <datafield tag="260" ind1=" " ind2=" ">
    <subfield code="b">Aleem Printers,</subfield>
    <subfield code="c">2012</subfield>
    <subfield code="a">Nagpur</subfield>
  </datafield>
  <datafield tag="270" ind1=" " ind2=" ">
    <subfield code="a">Aleem Printers,Haideri Road, Momin Pura </subfield>
    <subfield code="b">Nagpur</subfield>
    <subfield code="k">07276006332</subfield>
    <subfield code="e">440018</subfield>
  </datafield>
  <datafield tag="300" ind1=" " ind2=" ">
    <subfield code="a">128&#x635;</subfield>
    <subfield code="c">22Cm (Hb)</subfield>
  </datafield>
  <datafield tag="942" ind1=" " ind2=" ">
    <subfield code="2">ddc</subfield>
    <subfield code="c">UR</subfield>
    <subfield code="e"> </subfield>
    <subfield code="h">840.08</subfield>
    <subfield code="m">&#x645; &#x62D; &#x645;</subfield>
  </datafield>
  <datafield tag="999" ind1=" " ind2=" ">
    <subfield code="c">93561</subfield>
    <subfield code="d">93561</subfield>
  </datafield>
  <datafield tag="952" ind1=" " ind2=" ">
    <subfield code="0">0</subfield>
    <subfield code="1">0</subfield>
    <subfield code="2">ddc</subfield>
    <subfield code="4">0</subfield>
    <subfield code="7">1</subfield>
    <subfield code="8">NFIC</subfield>
    <subfield code="a">DBAD</subfield>
    <subfield code="b">DBAD</subfield>
    <subfield code="d">2015-05-13</subfield>
    <subfield code="e">DBAD/Pub.</subfield>
    <subfield code="g">100.00</subfield>
    <subfield code="l">0</subfield>
    <subfield code="o">840.08 &#x645; &#x62D; &#x645;</subfield>
    <subfield code="p">U-7453</subfield>
    <subfield code="r">2015-05-13 00:00:00</subfield>
    <subfield code="t">1</subfield>
    <subfield code="v">100.00</subfield>
    <subfield code="w">2015-05-13</subfield>
    <subfield code="y">UR</subfield>
  </datafield>
</record>
